Catálogo público

El camino de los sabios : Filosofía para la vida cotidiana / Walter Riso (Record no. 217230)

MARC details
000 -CABECERA
campo de control de longitud fija 00613nam a2200205Ia 4500
001 - NÚMERO DE CONTROL
campo de control Para_9814
008 - DATOS DE LONGITUD FIJA--INFORMACIÓN GENERAL
campo de control de longitud fija 220602s9999 xx 000 0 und d
020 ## - NÚMERO INTERNACIONAL ESTÁNDAR DEL LIBRO
Número Internacional Estándar del Libro 978 - 607 - 400 771 - 8
082 ## - NÚMERO DE LA CLASIFICACIÓN DECIMAL DEWEY
Número de clasificación PA 158.1 R57
100 ## - ENTRADA PRINCIPAL--NOMBRE DE PERSONA
Nombre de persona Riso, Walter
9 (RLIN) 127740
245 ## - MENCIÓN DE TÍTULO
Título El camino de los sabios : Filosofía para la vida cotidiana / Walter Riso
260 ## - PUBLICACIÓN, DISTRIBUCIÓN, ETC.
Lugar de publicación, distribución, etc. México : Oceano
300 ## - DESCRIPCIÓN FÍSICA
Extensión 178 p.
650 ## - PUNTO DE ACCESO ADICIONAL DE MATERIA--TÉRMINO DE MATERIA
Término de materia o nombre geográfico como elemento de entrada Psicología - Autoestima \ Filosofía antiguaÌ
9 (RLIN) 185053
901 ## - ELEMENTOS DE DATOS A LOCAL LDA (RLIN)
a PA 158.1 R57
902 ## - ELEMENTOS DE DATOS B LOCAL, LDB (RLIN)
a M
905 ## - ELEMENTOS DE DATOS E LOCAL, LDE (RLIN)
a 5232202012 9000000300 06
942 ## - ELEMENTOS DE PUNTO DE ACCESO ADICIONAL (KOHA)
Tipo de ítem Koha Libro_
Holdings
Estado de retiro Estado de pérdida Fuente del sistema de clasificación o colocación Estado dañado Restricciones de uso No para préstamo Código de colección Localización permanente Ubicación/localización actual Fecha de adquisición Total de préstamos Signatura topográfica completa Código de barras Fecha visto por última vez Número de copia Precio válido a partir de Tipo de ítem Koha Nota pública
    Dewey Decimal Classification   Préstamo 3 días   General Parasitologia Agricola Parasitologia Agricola 17/01/2013   PA 158.1 R57 4102000026 02/06/2022 Ej.1 02/06/2022 Libro 2